| 000 | 00771nam a22002537a 4500 | ||
|---|---|---|---|
| 999 |
_c136033 _d136033 |
||
| 003 | dpl | ||
| 005 | 20181212131233.0 | ||
| 008 | 181128b ||||| |||| 00| 0 eng d | ||
| 010 | _aB-182744 | ||
| 020 |
_c300.00 _a817182398 |
||
| 035 | _aB-182744, B-182753, B-182732 | ||
| 037 | _bCen Lib/Ret | ||
| 040 |
_aDPL _bEN _c0 |
||
| 082 |
_a181.499 _bOSH |
||
| 100 |
_aOsho _930562 |
||
| 245 |
_aZen and the art of enlightement / _cby Osho |
||
| 246 | _b | ||
| 260 |
_aNew Delhi _bFusion Books _c2006 |
||
| 270 |
_bNew Delhi _aX-30, Okhla Industrial Area, Phase-2 _e110020 |
||
| 300 |
_a215p. _c21cm(Hb) |
||
| 650 |
_aPhilosophy -- art of Living _9100717 |
||
| 650 |
_aMorality -- Hindu philosophy _9111887 |
||
| 942 |
_2ddc _cEN _h181.499 _mOSH |
||